TV's Family Guys Quiz Stats

 Plays Quiz Updated Nov 3, 2015

Also try: TV Dads
Challenge
Share
Tweet
Embed
Score 0/20 Timer 04:00
0 Plays Today
Actor/Show First Name % Correct
Larry Hagman in 'Dallas'J.R.
84.8%
Michael J. Fox in 'Family Ties'Alex
79.8%
John Stamos in 'Full House'Jesse
78%
Malcolm-Jamal Warner in 'The Cosby Show'Theo
74%
Barry Williams in 'The Brady Bunch'Greg
73.9%
Carroll O'Connor in 'All in the Family'Archie
70.7%
Ron Howard in 'Happy Days'Richie
69.3%
John Goodman in 'Roseanne'Dan
68.6%
Buddy Ebsen in 'Beverly Hillbillies'Jed
66.8%
David Faustino in 'Married...with Children'Bud
62.1%
Actor/Show First Name % Correct
John Astin in 'The Addams Family'Gomez
61.4%
Sherman Hemsley in 'The Jeffersons'George
60.9%
Jimmie Walker in 'Good Times'J.J.
59.1%
Fred Gwynne in 'The Munsters'Herman
57.1%
Dick York in 'Bewitched'Darrin
56.9%
Hugh Beaumont in 'Leave It to Beaver'Ward
55.3%
James Avery in 'The Fresh Prince of Bel-Air'Phil
53.9%
Jackie Gleason in 'The Honeymooners'Ralph
52.5%
Gary Coleman in 'Diff'rent Strokes'Arnold
50.2%
Ed O'Neill in 'Modern Family'Jay
41.6%

You're not logged in!

Compare scores with friends on all Sporcle quizzes.
OR
Log In

You Might Also Like...

Show Comments

Extras

Top Quizzes Today


Score Distribution

Your Account Isn't Verified!

In order to create a playlist on Sporcle, you need to verify the email address you used during registration. Go to your Sporcle Settings to finish the process.

Report this User

Report this user for behavior that violates our Community Guidelines.

Details: